Normal view
MARC view
- القواسمة،هشام عطية مؤلف/الحوامدة،صباح خليل م.مشارك
Entry Personal Name
001 - CONTROL NUMBER
- control field: 30986
003 - CONTROL NUMBER IDENTIFIER
- control field: JO-AjAnu
005 - DATE AND TIME OF LATEST TRANSACTION
- control field: 20230606075225.0
008 - FIXED-LENGTH DATA ELEMENTS
- fixed length control field: 230606|| aca||aabn | a|a d
040 ## - CATALOGING SOURCE
- Original cataloging agency: JO-AjAnu
- Transcribing agency: JO-AjAnu
100 ## - HEADING--PERSONAL NAME
- Personal name: القواسمة،هشام عطية مؤلف/الحوامدة،صباح خليل م.مشارك
670 ## - SOURCE DATA FOUND
- Source citation: Work cat.: (JO-AjAnu)15913: القواسمة،هشام عطية مؤلف/الحوامدة،صباح خليل م.مشارك, author, دليل المرشد التربوي في مجال التوجيه الجمعي في الصفوف